BIBLIOTHÈQUE DE LA MAISON DU MEXIQUE

Logo 1 Logo 2

Idiota (notice nᵒ 2816)

détails MARC
000 -Sello discográfico
campo de control de longitud fija 00740nam a2200277 4500
005 - Identificación de versión
campo de control 20251017062735.0
035 ## - Otros números de control del sistema
Número de control del sistema 23975
099 ## - fechas locales
Tipo de ítem Koha LIBRO
100 ## - Datos de procesamiento general
Datos de procesamiento general 19980217d1935 m y1spay5003 ba
105 ## - Campo de datos codificados: Material textual, monográfico
Datos codificados de monografía y 001zy
200 1# - Título y mención de responsabilidad
Título propio Idiota
Designación general del material texto impreso
Otra información del título novela
Primer mención de responsabilidad Roque Estrada
210 ## - Publicación, distribución, etc.
Lugar de publicación, distribución, etc. México
Nombre del editor, distribuidor, etc. Ediciones Botas
Fecha de publicación, distribución, etc. 1935
215 ## - Descripción física
Designación de material específico y extensión del ítem 271 p
Dimensiones 19 cm
345 ## - Nota de información de adquisición
Fuente de adquisición/dirección de la suscripción [OBSOLETO] Donación
410 #1 - Series
Título Novelas Mexicanas
606 ## - Término temático usado como materia
Elemento de entrada Novela mexicana
Subdivisión cronológica Siglo XX
Número Koha 64
660 ## - Código de área geográfica
Código MX
700 ## - Nombre personal - Responsabilidad primaria
Elemento de entrada Estrada Reynoso
Parte del nombre distinta del elemento de entrada Roque
Fechas 1883-1966
Número Koha 6148
801 #0 - Fuente de origen
Agencia cm
900 ## -
-- 1/15944
900 ## -
-- 710987512\\170298
942 ## - ELEMENTOS DE ENTRADA SECUNDARIOS (KOHA)
Tipo de ítem Koha Livre
996 ## -
-- MEX
-- 751145101
-- MMAG
-- 011605
-- 863.4 E82ID
-- 20241112LIV
Exemplaires
Estatus retirado Estado de daño Estado de pérdida Fecha de adquisición Biblioteca de origen Biblioteca actual Ubicación en estantería Código de barras Precio de reemplazo Signatura topográfica completa No para préstamo Tipo de ítem Koha Nota pública Nota no pública
      05/08/2025 Casa México Paris Casa México Paris   011605 05/08/2025 863.4 E82ID   Livre 20241112LIV 751145101